BIBLIOTECA

SENCICO

Diseño de interiores : (Registro nro. 264)

Detalles MARC
000 -LEADER
fixed length control field 01419nam a2200265Ia 4500
003 - CONTROL NUMBER IDENTIFIER
control field PE SENCICO BE
005 - DATE AND TIME OF LATEST TRANSACTION
control field 20251020182431.0
008 - FIXED-LENGTH DATA ELEMENTS--GENERAL INFORMATION
fixed length control field 200515s9999 xx 000 0 und d
020 ## - INTERNATIONAL STANDARD BOOK NUMBER
International Standard Book Number 84-252-2070-X
040 ## - CATALOGING SOURCE
Original cataloging agency PE SENCICO BE
Transcribing agency PE SENCICO BE
041 ## - LANGUAGE CODE
Language code of text/sound track or separate title spa
082 ## - DEWEY DECIMAL CLASSIFICATION NUMBER
Classification number 747
Item number G45
100 1# - MAIN ENTRY--PERSONAL NAME
Personal name Gibbs, Jenny
9 (RLIN) 2599
Relator term autor
245 10 - TITLE STATEMENT
Title Diseño de interiores :
Remainder of title guía útil para estudiantes y profesionales /
Statement of responsibility, etc. Jenny Gibbs
260 ## - PUBLICATION, DISTRIBUTION, ETC.
Place of publication, distribution, etc. Barcelona :
Name of publisher, distributor, etc. Gustavo Gili ;
Date of publication, distribution, etc. 2006
300 ## - PHYSICAL DESCRIPTION
Extent 192 p. :
Other physical details il., tbl., graf. ;
Dimensions 25 cm.
505 0# - FORMATTED CONTENTS NOTE
Formatted contents note Trabajo previo al diseño -- Proyecto y diseño -- Armonizar los elementos de un diseño -- Dirección y coordinación del proyecto -- De la formación del interiorista al primer empleo -- Desarrollo profesional
520 3# - SUMMARY, ETC.
Summary, etc. Aborda temas como el desarrollo del programa con la colaboración del cliente, las presentaciones y muestrarios, la selección de materiales y diseños, la planificación y la dirección del proyecto. Este libro está pensado, fundamentalmente, para estudiantes, pero también puede servir de referencia y guía para los profesionales y para aquellas personas aficionadas que estén interesadas en la profesión.
650 10 - SUBJECT ADDED ENTRY--TOPICAL TERM
Topical term or geographic name entry element Diseño de interiores
9 (RLIN) 44
650 20 - SUBJECT ADDED ENTRY--TOPICAL TERM
Topical term or geographic name entry element Diseño
9 (RLIN) 965
650 20 - SUBJECT ADDED ENTRY--TOPICAL TERM
Topical term or geographic name entry element Arquitectura de interiores
9 (RLIN) 8
650 20 - SUBJECT ADDED ENTRY--TOPICAL TERM
Topical term or geographic name entry element Color en el diseño
9 (RLIN) 1793
650 20 - SUBJECT ADDED ENTRY--TOPICAL TERM
Topical term or geographic name entry element Decoración de interiores
9 (RLIN) 25
942 ## - ADDED ENTRY ELEMENTS (KOHA)
Koha item type Libros
Source of classification or shelving scheme Dewey Decimal Classification
Existencias
Fecha de la última vez que lo usaron Número de ingreso o de inventario Pago total Signatura topográfica completa Código de barras Precio efectivo desde Tipo de documento Estado perdido Sistema de clasificación Estado dañado No es para préstamo Retirado Ubicación permanente Ubicación actual Fecha de adquisición
15/05/2020 13861   747/G45 BibLima24100018 15/05/2020 Libros   Dewey Decimal Classification       Biblioteca Central Lima Biblioteca Central Lima 15/05/2020